000 00439nam a2200169 4500
001 4439
005 20181127173410.0
020 0 0 _a9780552563154
090 0 0 _aFIC P9122d
100 0 0 _aPratchett, Terry.
245 0 0 _aDodger /
_b
_cTerry Pratchett.
_h
260 0 0 _aLondon :
_bCorgi Books,
_c2012.
300 0 0 _a402 p. ; 21 cm.
650 0 0 _aEngland-- London.
_x
650 0 0 _aGreat Britain.
_x
650 0 0 _aTodd, Sweeney (Legendary character).
_x
999 _c3673
_d3673